Chaîne de mot de 4 lettres - Statistiques

Statistiques générales
  • Ce quiz a été pris 187 fois
  • Le résultat moyen est 10 sur 15
Statistiques - réponses
Hint Réponse % Correct
Félin domestique Chat
95%
De Cajou Noix
91%
Ami enneigé d’Elsa Olaf
83%
Fou en marseillais Fada
80%
Fait le beau avec son plumage Paon
80%
La lune y est présente Nuit
77%
Parker Tony
70%
Jeu avec ficelle Yoyo
69%
Pays du Golfe Oman
62%
Variante de la PS4 Xbox
61%
Abri Toit
59%
Sorte de gros chien Loup
52%
Instrument de musique raccourci Xylo
46%
Système économique Troc
44%
Héros romain de bande dessinée Alix
27%
Aucun quiz correspondant
Distribution des résultats
% des personnes avec chaque résultat
Percentile par nombre de réponses
Votre historique - résultats
Vous n’avez pas pris ce quiz